| 000 | 00447nam a22001457a 4500 | ||
|---|---|---|---|
| 999 |
_c2648 _d2648 |
||
| 008 | 200312b ||||| |||| 00| 0 eng d | ||
| 020 | _a9788131700907 | ||
| 100 |
_91599 _aShackelford, James F. |
||
| 245 | 1 | 0 |
_aIntroduction to material science for engineers _cby James F. Shackelford and M.K. Muralidhara |
| 250 | _a6th ed. | ||
| 260 |
_aNew Delhi: _bPearson Education, _c2010. |
||
| 300 | _axvii,776p. | ||
| 650 | 0 | _aMaterials Science | |
| 942 | _cBK | ||